Report on the non-metallic minerals used in the Canadian manufacturing industries, (Record no. 25506)

MARC details
000 -LEADER
fixed length control field 00805cam a22002411 4500
001 - CONTROL NUMBER
control field gs 15000360
003 - CONTROL NUMBER IDENTIFIER
control field DLC
005 - DATE AND TIME OF LATEST TRANSACTION
control field 20260227111317.0
008 - FIXED-LENGTH DATA ELEMENTS--GENERAL INFORMATION
fixed length control field 790216s1914 xx 000 0 eng c
010 ## - LIBRARY OF CONGRESS CONTROL NUMBER
LC control number gs 15000360
035 ## - SYSTEM CONTROL NUMBER
System control number (OCoLC)4660012
040 ## - CATALOGING SOURCE
Original cataloging agency U.S. Geol. Survey. Libr.
Transcribing agency OCl
Modifying agency DLC
042 ## - AUTHENTICATION CODE
Authentication code premarc
050 00 - LIBRARY OF CONGRESS CALL NUMBER
Classification number TN26
Item number .A4 1914a
110 1# - MAIN ENTRY--CORPORATE NAME
Corporate name or jurisdiction name as entry element Canada.
Subordinate unit Mines Branch (1901-1936)
245 00 - TITLE STATEMENT
Title Report on the non-metallic minerals used in the Canadian manufacturing industries,
Statement of responsibility, etc. by Howells Fréchette.
260 ## - PUBLICATION, DISTRIBUTION, ETC.
Place of publication, distribution, etc. Ottawa,
Name of publisher, distributor, etc. Government printing bureau,
Date of publication, distribution, etc. 1914.
300 ## - PHYSICAL DESCRIPTION
Extent viii p., 1 l., 199 p.
Other physical details fold. tables.
Dimensions 25 cm.
500 ## - GENERAL NOTE
General note "No. 305."
504 ## - BIBLIOGRAPHY, ETC. NOTE
Bibliography, etc. note Bibliography: p. 137-149.
650 #0 - SUBJECT ADDED ENTRY--TOPICAL TERM
Topical term or geographic name entry element Mines and mineral resources
Geographic subdivision Canada.
700 1# - ADDED ENTRY--PERSONAL NAME
Personal name Fréchette, Howells,
Dates associated with a name 1879-

No items available.

Powered by Koha